000 00556nam a22001937a 4500
005 20250610114049.0
008 250610b |||||||| |||| 00| 0 eng d
020 _a978-9-3527-0242-8
050 _aRG 524.D88 2019
100 _aDC DUTTA
245 _aDC DUTTA'S TEXTBOOK OF OBSTETRICS INCLUDING PERINATOLOGY AND CONTRACEPTION
250 _a9
260 _aNEW DELHI
_bJAYPEE BROTHERS MEDICAL PUBLISHERS
_c2019
300 _aX,660
500 _aINCLUDES AN INDEX
650 _aObstetrics--Textbooks.
700 _aKONAR HIRALAL
942 _2lcc
_cBK
999 _c215642
_d215642